Fábulas / (Registro nro. 12460)

Detalles MARC
000 -LIDER
fixed length control field 01246nam a22002417a 4500
003 - IDENTIFICACDOR DE NÚMERO DE CONTROL
control field DO-SdBNP
005 - DATE AND TIME OF LATEST TRANSACTION
control field 20180221141352.0
008 - ELEMENTOS DE LONGITUD FIJA
fixed length control field 160718 1992 sp a spa d
020 ## - ISBN
International Standard Book Number 8420445525
040 ## - FUENTE DE CATALOGACIÓN
Agencia que crea de manera original el registro BPMSU
Idioma de catalogación spa
Agencia que realiza la transcripción BPMSU
082 #4 - NÚMERO DE CLASIFICACIÓN DECIMAL DE DEWEY
Classification number xxxx
Item number xxxx
100 1# - ASIENTO PRINCIPAL -- NOMBRE PERSONAL
Nombre personal Lobel, Arnold
245 10 - MENCIÓN DE TITULO
Título Fábulas /
Mención de responsabilidad Arnold Lobel
260 ## - PUBLICACIÓN, DISTRIBUCIÓN, ETC. (PIE DE IMPRENTA)
Lugar de publicación, distribución, etc Madrid :
Nombre del editor, distribuidor, etc. Alfaguara,
Fecha de publicación, distribución, etc 1992.
300 ## - DESCRIPCIÓN FÍSICA
Extensión 44 p. :
Otros detalles físicos il. ;
Dimensiones 29 cm.
490 1# - MENCIÓN DE SERIES
Mención de serie Alfaguara juvenil
500 ## - NOTA GENERAL
Nota general Incluye datos biográficos del autor en la contraportada.
505 2# - NOTA DE CONTENIDO
Título El cocodrilo en el dormitorio --
-- Las patas y el zorro --
-- El rey león y el escarabajo --
-- La langosta y el cangrejo --
-- La gallina y el manzano --
-- El paraguas del babuino --
-- Las ranas en el final del arco iris --
-- El oso y el cuervo --
-- Las visiones del gato --
-- El avestruz enamorado --
-- Las danzas de la camella --
-- El perro viejo y menesteroso --
-- La señora rinoceronte y su vestido --
-- El canguro mal educado --
-- El cerdo en la confitería --
-- El elefante y su hijo --
-- El pelicano y la grulla --
-- El gallo joven --
-- La cena del hipopótamo --
-- El ratón a la orilla del mar --
830 #0 - ASIENTO SECUNDARIO DE SERIE--TÍTULO UNIFORME
Título uniforme Alfaguara juvenil
942 ## - ADDED ENTRY ELEMENTS (KOHA)
Source of classification or shelving scheme Dewey Decimal Classification
Koha item type Libros
945 ## - INFORMACIÓN DE PROCESAMIENTO LOCAL
Información de procesamiento local Inventariado, 2018 / BT
956 ## - LOCAL ELECTRONIC LOCATION AND ACCESS (OCLC)
Método de acceso YLOCKWARD
Materiales especificados 10
Campo enlazado y núm. de secuencia BPMSU
Nombre de host 00144
Existencias
Withdrawn status Lost status Source of classification or shelving scheme Damaged status Not for loan Collection code Home library Current library Date acquired Source of acquisition Total Checkouts Full call number Barcode Date last seen Price effective from Koha item type Copy number Cost, replacement price
    Dewey Decimal Classification     Colección Infantil General Biblioteca Pública Metropolitana Salomé Ureña Biblioteca Pública Metropolitana Salomé Ureña 01/13/2017 ALFAGUARA   xxxx xxxx BPMSU17010038 01/13/2017 01/13/2017 Libros    
    Dewey Decimal Classification     Colección Infantil General Biblioteca Pública Metropolitana Salomé Ureña Biblioteca Pública Metropolitana Salomé Ureña 01/13/2017 COMPRA   xxxx xxxx BPMSU17010039 01/13/2017 01/13/2017 Libros e. 2 102.00